| 000 | 00336nam a22001457a 4500 | ||
|---|---|---|---|
| 003 | OSt | ||
| 005 | 20160727222351.0 | ||
| 008 | 160622b xxu||||| |||| 00| 0 eng d | ||
| 040 | _cTEST | ||
| 100 |
_9409 _aBlyton, G |
||
| 245 | _aThe Treasure Hunters | ||
| 260 |
_aU.K _b Armada _c1988 |
||
| 300 | _aThe Treasure Hunters | ||
| 942 |
_2ddc _cBK |
||
| 999 |
_c333 _d333 |
||